zpět

Detail výsledku týmu

Baarovka, České Budějovice

Datum a čas kvízu

34 Celkem bodů Celkový počet nahraných bodů na tomto kvízu bez doplňovacích otázek.
3. Pořadí na kvízu Konečné umístění týmu na tomto kvízu.

Zaznamenané odpovědi

# Otázka Odpověď Body Výsledky
1. Radnice města Zubří na Vsetíns... pařez 1
2. Vládní krize v Itálii, která b... Matteo Salvini 1
3. Video k písni You Need to Calm... Taylor Swiftová 0
4. V Etiopii byla nalezena téměř... Australopithecus 1
5. Lukáš Krpálek se stal opět mis... v Japonsku 1
6. Ve které ze čtyř možností jsou... C 0
7. Nyní je Vaším úkolem seřadit c... A 1
8. Seřaďte tato periodika od těch... D 1
9. Seřaďte tyto filmy od toho, kt... B 1
10. V poslední otázce tématu Vám d... C 0